Κοιτάζοντας μπροστά : απόψεις και σκέψεις για το μεταπολεμικό εξοπλισμό της Ελλάδας

Αποθηκεύτηκε σε:
Λεπτομέρειες βιβλιογραφικής εγγραφής
Κύριος συγγραφέας: Καπασακάλης, Π. Ι.
Άλλοι συγγραφείς: Αργυρόπουλος, Γ. Ι.
Μορφή: Βιβλίο
Γλώσσα:Greek
Δημοσίευση: Αθήνα : ΕΛΕΤ, Νάσος Ζαφειρίδης, 1946
Σειρά:Ανοικοδόμηση ; ; 1
Θέματα:
Ετικέτες: Προσθήκη ετικέτας
Δεν υπάρχουν, Καταχωρήστε ετικέτα πρώτοι!

MARC

LEADER 00000cam a2200000 i 4500
001 1/5358
008 000602s1946 gre d
035 |l 10061554 
040 |a GR-MY-UA  |b gre  |e aacr 
041 0 |a gre 
082 0 |a 338.9495 
100 1 |a Καπασακάλης, Π. Ι. 
245 1 0 |a Κοιτάζοντας μπροστά :  |b απόψεις και σκέψεις για το μεταπολεμικό εξοπλισμό της Ελλάδας /  |c Καπασακάλη Π.Ι., Αργυροπούλου Γ. Ι. 
260 |a Αθήνα :   |b ΕΛΕΤ, Νάσος Ζαφειρίδης,   |c 1946 
300 |a 157 σ. 
490 1 |a Ανοικοδόμηση  |v ; 1 
651 0 |a Greece  |x Economic conditions  |y 1918-1974. 
651 0 |a Greece  |x Economic policy  |y 1918-1974. 
700 1 |a Αργυρόπουλος, Γ. Ι. 
830 0 |a Ανοικοδόμηση ;  |v ; 1 
852 |a INST  |b LESVOS  |e 20000602  |h 338.9495 ΚΑΠ  |p 005100020994  |q 005100020994  |t BK  |y 0 
901 |a BIBL1-2000-2 
909 |a Λ  |b 044384 
970 |z 2000/06/ΓΕΩΡΓΙΑ